000 00510 a2200157 4500
020 _a3642033024
020 _a9783642033025
082 0 4 _a537.622
090 _c460
_d460
100 1 _aHamaguchi, Chihiro.
245 1 0 _aBasic semiconductor physics /
_cChihiro Hamaguchi.
260 _a[S.l.] :
_bSpringer,
_c2001.
300 _a570 p. ;
_c24 cm.
942 _aSNS
_cBK
_k537.622 HAN
999 _c29092
_d29092